| 000 | | | 04490nac2a22003013x 450 |
| 001 | | | b1ff6a24-9fc5-46d3-822e-d64ebb1e7a5f |
| 005 | | | 20220118081344.0 |
| 100 | ## | $a | 20211217l19291929k y0rusy50 ca |
| 101 | 0# | $a | rus |
| 102 | ## | $a | RU |
| 105 | ## | $a | y z |||a| |
| 122 | 2# | $a | d19290131 |
| | $a | d19290531 |
| 200 | 1# | $a | Приложения к повесткам заседаний секретариата ЦИК СССР, доклад ОГПУ и прокуратуры Верховного суда о результатах по борьбе с контрабандистами, проект положения о правах иностранцев и другие |
| | $j | Январь-май 1929 |
| 215 | ## | $a | 49 листов |
| 251 | ## | $c | Дело |
| 300 | ## | $a | Заголовок дела на папке отсутствует |
| 300 | ## | $a | На папке дела: 1929 |
| 300 | ## | $a | Машинописный и рукописный текст |
| 324 | ## | $a | В деле имеются копии отдельных документов |
| 330 | ## | $a | Входит в раздел описи: 1929 год. Секретариат президиума |
| 461 | #0 | $1 | 001796d4672-8a00-4986-b488-6e42273792cc |
| | $1 | 2001 |
| | $a | ЦЕНТРАЛЬНЫЙ ИСПОЛНИТЕЛЬНЫЙ КОМИТЕТ СССР (ЦИК СССР) |
| | $1 | 251 |
| | $c | Фонд |
| | $1 | 852 |
| | $j | 3316 |
| | $g | Р |
| 462 | #0 | $1 | 0011cce310e-0954-4fdc-88db-4979285f4890 |
| | $1 | 2001 |
| | $a | Финансовое Управление ЦИК СССР. 1923-1930 гг. |
| | $v | Д. 419 |
| | $1 | 251 |
| | $c | Опись |
| | $1 | 852 |
| | $j | 16 |
| | $g | а |
| 601 | 01 | $3 | RU\NLR\AUTH\880357276 |
| | $a | СССР |
| | $b | ЦИК |
| 601 | 01 | $3 | RU\NLR\AUTH\66817586 |
| | $a | СССР |
| | $b | Объединенное государственное политическое управление |
| | $c | 1921 - 1937 |
| 601 | 01 | $3 | RU\NLR\AUTH\8821515 |
| | $a | СССР |
| | $b | Прокуратура |
| 801 | #0 | $a | RU |
| | $b | GA_RF |
| 801 | #1 | $a | RU |
| | $b | ГлавНИВЦ |
| | $c | 20211217 |
| | $2 | rusmarc |
| 801 | #2 | $a | RU |
| | $b | ПБ им. Б.Н. Ельцина |
| | $c | 20220118 |
| | $g | RCR |
| | $2 | rusmarc |
| 852 | ## | $a | ГА РФ |
| | $j | 419 |
| 937 | ## | $d | 172791597 |
| | $h | ГАРФ |
| 035 | ## | $a | RuPRLIB51064514 |
| 856 | ## | $u | http://readingroom.main.prlib.ru/item.aspx?id_node=n172791597&mode=full |